Arcane Characters - Sudden Death - Statistics

General Stats
  • This quiz has been taken 201 times
  • The average score is 12 of 14
Answers on the Grid
Answers color-coded by a green-red scale on the quiz's grid according to % correct below.
Jinx
Vi
Caitlyn
Ekko
Heimerdinger
Jayce
Mel Merdada
Silco
Vander
Viktor
Claggor
Ambessa
Sevika
Mylo
Imagine Dragons
Blade
Smaug
Aragog
Feye
Katso Sano
Rhiannon
Varys
Demogorgon
Aslan
Morzan
Armitage Hux
Vanco
Daredevil
 
Answer Stats
Answer % Correct
Viktor
88%
Silco
87%
Ambessa
86%
Jayce
86%
Jinx
86%
Mylo
86%
Claggor
85%
Vander
85%
Heimerdinger
83%
Caitlyn
81%
Vi
81%
Ekko
80%
Sevika
79%
Mel Merdada
78%
No matching quizzes found
Score Distribution
Percent of People with Each Score
Percentile by Number Answered
Your Score History
You have not taken this quiz